<?xml version="1.0" encoding="UTF-8"?>
<record
    xmlns:xsi="http://www.w3.org/2001/XMLSchema-instance"
    xsi:schemaLocation="http://www.loc.gov/MARC21/slim http://www.loc.gov/standards/marcxml/schema/MARC21slim.xsd"
    xmlns="http://www.loc.gov/MARC21/slim">

  <leader>00421    a2200121   4500</leader>
  <controlfield tag="001">ART_10766</controlfield>
  <controlfield tag="005">20260410161854.0</controlfield>
  <controlfield tag="008">260409a                                 </controlfield>
  <datafield tag="245" ind1="1" ind2="0">
    <subfield code="a">Patentamiento de embriones. Breve rese&#xF1;a sobre el uso y apropiaci&#xF3;n de la vida humana</subfield>
  </datafield>
  <datafield tag="100" ind1="1" ind2=" ">
    <subfield code="a">Iglesias Darriba, Claudio</subfield>
  </datafield>
  <datafield tag="700" ind1="1" ind2=" ">
    <subfield code="a">Rivera, Arturo G.</subfield>
  </datafield>
  <datafield tag="773" ind1="0" ind2=" ">
    <subfield code="t">Derecho privado</subfield>
    <subfield code="g">Bioderecho - A&#xF1;o I, N&#xBA; 1 (mayo 2012)</subfield>
    <subfield code="w">REV10455</subfield>
  </datafield>
  <datafield tag="999" ind1=" " ind2=" ">
    <subfield code="c">25296</subfield>
    <subfield code="d">25296</subfield>
  </datafield>
</record>
